[Event "BPB Limburg open A"]
[Site "Maastricht"]
[Date "2014.06.07"]
[Round "3"]
[White "Schoppen, Casper"]
[Black "Wilschut, Peter"]
[Result "0-1"]
[WhiteElo "1906"]
[BlackElo "2258"]
[PlyCount "86"]
[EventDate "2014.06.06"]
[EventType "swiss"]
[EventRounds "7"]
[EventCountry "NED"]
[Source "P.Boonen"]
[SourceDate "2014.10.10"]

1. d4 Nf6 2. c4 b6 3. Nf3 Bb7 4. g3 g6 5. Bg2 Bg7 6. O-O O-O 7. Nc3 Ne4 8. Nxe4
Bxe4 9. Be3 d6 10. Qd2 Nd7 11. Bh6 e6 12. Bxg7 Kxg7 13. Qc3 Qf6 14. Rfd1 a5 15.
Rac1 Rad8 16. b3 Rfe8 17. Ne1 Bxg2 18. Nxg2 Kg8 19. Ne3 Qg5 20. Qd2 Qh5 21. Kg2
Nf6 22. f3 e5 23. d5 Nd7 24. Nc2 f5 25. e4 Rf8 26. exf5 Qxf5 27. Rf1 Nc5 28.
Ne3 Qg5 29. Rf2 Rd7 30. h4 Qh6 31. Rcf1 Rdf7 32. Qe2 Qg7 33. Nd1 Rf5 34. Ne3
R5f6 35. Rh1 h5 36. Rhf1 Kh8 37. Nd1 g5 38. hxg5 Qxg5 39. Qe3 Rf4 40. Kh2 Rg8
41. Rg2 Ne4 42. Qe1 Rh4+ 43. Kg1 Nxg3 0-1

[Event "BPB Limburg open A"]
[Site "Maastricht"]
[Date "2014.06.07"]
[Round "3"]
[White "Schroer, Marcel"]
[Black "Schleipfenbauer, Frank"]
[Result "1-0"]
[WhiteElo "2144"]
[BlackElo "2134"]
[PlyCount "67"]
[EventDate "2014.06.06"]
[EventType "swiss"]
[EventRounds "7"]
[EventCountry "NED"]
[Source "P.Boonen"]
[SourceDate "2014.10.10"]

1. d4 Nf6 2. c4 g6 3. g3 Bg7 4. Bg2 d6 5. Nf3 O-O 6. O-O Nbd7 7. Nc3 e5 8. e4
exd4 9. Nxd4 Nc5 10. h3 c6 11. Be3 Re8 12. Qc2 a5 13. Rad1 Qe7 14. Rfe1 Nfd7
15. f4 Ne6 16. Nf3 Ndc5 17. Bf2 Bd7 18. Qd2 Rad8 19. g4 Bc8 20. Bh4 Bf6 21. g5
Bxc3 22. bxc3 Ng7 23. Nd4 Nh5 24. Kh2 Be6 25. Bf3 Bxc4 26. Bxh5 Nxe4 27. Qe3
gxh5 28. Nf5 Qe6 29. Nh6+ Kg7 30. Qd4+ f6 31. Rxe4 c5 32. Qg1 Qxe4 33. gxf6+
Kxh6 34. Qg5# 1-0

[Event "BPB Limburg open A"]
[Site "Maastricht"]
[Date "2014.06.07"]
[Round "3"]
[White "Snuverink, Jochem"]
[Black "Harff, Marcel"]
[Result "0-1"]
[WhiteElo "2357"]
[BlackElo "2288"]
[PlyCount "62"]
[EventDate "2014.06.06"]
[EventType "swiss"]
[EventRounds "7"]
[EventCountry "NED"]
[Source "P.Boonen"]
[SourceDate "2014.10.10"]

1. e4 e6 2. d4 d5 3. Nc3 dxe4 4. Nxe4 Nd7 5. g4 Ngf6 6. Ng3 c5 7. g5 Ng8 8. Nf3
Ne7 9. Bg2 Qc7 10. O-O Ng6 11. Nh5 b6 12. dxc5 bxc5 13. Nd4 Rb8 14. Nc6 Rb6 15.
Na5 Rd6 16. Bd2 Ba6 17. Re1 h6 18. f4 hxg5 19. f5 Nge5 20. fxe6 Rxe6 21. Bc3 g4
22. Ng3 c4 23. Bd5 Bc5+ 24. Kg2 Reh6 25. Bxe5 Rxh2+ 26. Kf1 Rf2+ 27. Kg1 Nxe5
28. Rxe5+ Qxe5 29. Bc6+ Ke7 30. Qd7+ Kf6 31. Ne4+ Qxe4 0-1

[Event "BPB Limburg open A"]
[Site "Maastricht"]
[Date "2014.06.07"]
[Round "3"]
[White "Timmermans, Ivo"]
[Black "Blom, Vincent"]
[Result "1/2-1/2"]
[WhiteElo "2207"]
[BlackElo "2213"]
[PlyCount "101"]
[EventDate "2014.06.06"]
[EventType "swiss"]
[EventRounds "7"]
[EventCountry "NED"]
[Source "P.Boonen"]
[SourceDate "2014.10.10"]

1. e4 c6 2. d4 d5 3. f3 dxe4 4. fxe4 e5 5. Nf3 Bd6 6. dxe5 Bb4+ 7. Bd2 Bxd2+ 8.
Qxd2 Qxd2+ 9. Nbxd2 Be6 10. Nc4 Bxc4 11. Bxc4 Nd7 12. O-O-O Nh6 13. e6 Nb6 14.
Bb3 f6 15. h3 Ke7 16. g4 Rhd8 17. g5 Rxd1+ 18. Rxd1 Ng8 19. g6 h6 20. Nh4 Kf8
21. Nf5 Ne7 22. h4 Nxf5 23. exf5 Ke7 24. c3 Rd8 25. Rxd8 Kxd8 26. Kd2 Kc7 27.
c4 Nc8 28. c5 Ne7 29. Bc2 Nc8 30. Kc3 Ne7 31. Be4 Nc8 32. Kb4 Ne7 33. Ka5 Nc8
34. b4 Ne7 35. b5 cxb5 36. Kxb5 Nc8 37. a4 Ne7 38. a5 a6+ 39. Kb4 Nc6+ 40. Kc4
Ne7 41. c6 b6 42. Kb4 bxa5+ 43. Kxa5 Nxc6+ 44. Bxc6 Kxc6 45. Kxa6 Kd6 46. Kb6
Ke7 47. Kc7 h5 48. Kc6 Ke8 49. Kd6 Kd8 50. e7+ Ke8 51. Ke6 1/2-1/2

[Event "BPB Limburg open A"]
[Site "Maastricht"]
[Date "2014.06.07"]
[Round "3"]
[White "Van Eetvelde, Ward"]
[Black "Veltman, Anne"]
[Result "1-0"]
[WhiteElo "2123"]
[BlackElo "2017"]
[PlyCount "111"]
[EventDate "2014.06.06"]
[EventType "swiss"]
[EventRounds "7"]
[EventCountry "NED"]
[Source "P.Boonen"]
[SourceDate "2014.10.10"]

1. d4 e6 2. g3 c5 3. Nf3 Nc6 4. Bg2 d5 5. O-O Nf6 6. a3 b5 7. dxc5 Bxc5 8. a4
b4 9. c4 Bb7 10. cxd5 Qxd5 11. Nbd2 Rd8 12. Ne1 Qh5 13. Nd3 Ng4 14. h3 Bxf2+
15. Nxf2 Ne3 16. Bxc6+ Bxc6 17. Qb3 Qxe2 18. Qxb4 Nxf1 19. Nxf1 Qf3 20. Ne3
Qxg3+ 21. Kf1 h5 22. Ra3 Qf3 23. Bd2 Rh6 24. Ke1 Rg6 25. Neg4 Qg2 26. Qc5 Bf3
27. Rxf3 Qxf3 28. Bb4 Qb7 29. Qf8+ Kd7 30. Ne5+ Kc8 31. Qc5+ Qc7 32. Qxc7+ Kxc7
33. Nxg6 Rd4 34. Bc3 Rxa4 35. Nf4 g6 36. N4d3 Kd6 37. Ne5 f6 38. Nxg6 e5 39.
Nd3 Ra1+ 40. Ke2 Rg1 41. Nh4 Ke6 42. Nf2 Rb1 43. Nd1 Ra1 44. Nf3 a5 45. Nd2 Ra4
46. Nf2 Ra2 47. Nd3 a4 48. Nc1 Ra1 49. Kd1 f5 50. b3 Ra3 51. Nb1 Rxb3 52. Nxb3
axb3 53. Ke2 f4 54. Kf3 Kf5 55. Nd2 h4 56. Bb2 1-0

[Event "BPB Limburg open A"]
[Site "Maastricht"]
[Date "2014.06.07"]
[Round "3"]
[White "Van Liempt, Michael"]
[Black "Scholzen, Wolfgang"]
[Result "0-1"]
[WhiteElo "2008"]
[BlackElo "2120"]
[PlyCount "28"]
[EventDate "2014.06.06"]
[EventType "swiss"]
[EventRounds "7"]
[EventCountry "NED"]
[Source "P.Boonen"]
[SourceDate "2014.10.10"]

1. e4 e5 2. Nf3 Nc6 3. d4 exd4 4. Bc4 d6 5. Nxd4 Nf6 6. Nc3 Be7 7. O-O Nxd4 8.
Qxd4 O-O 9. Re1 c6 10. a4 Qa5 11. Be3 Ng4 12. Bf4 d5 13. Nxd5 cxd5 14. Qxd5 Qb6
0-1

[Event "BPB Limburg open A"]
[Site "Maastricht"]
[Date "2014.06.07"]
[Round "3"]
[White "Van der Auweraert, Elwin"]
[Black "Mollema, Thomas"]
[Result "1/2-1/2"]
[WhiteElo "2212"]
[BlackElo "2059"]
[PlyCount "72"]
[EventDate "2014.06.06"]
[EventType "swiss"]
[EventRounds "7"]
[EventCountry "NED"]
[Source "P.Boonen"]
[SourceDate "2014.10.10"]

1. Nf3 f5 2. c4 Nf6 3. g3 g6 4. Bg2 Bg7 5. O-O O-O 6. Nc3 d6 7. d3 Nc6 8. Rb1
a5 9. a3 e5 10. b4 axb4 11. axb4 h6 12. b5 Ne7 13. Qb3 g5 14. c5+ Kh8 15. Ba3
Ne8 16. cxd6 cxd6 17. Rfc1 f4 18. Nd2 Nf5 19. Qb4 fxg3 20. hxg3 Qe7 21. Nc4 Be6
22. Nb6 Rd8 23. e3 Qf7 24. Rb2 d5 25. Ncxd5 h5 26. e4 Nd4 27. Qd2 Nd6 28. Qxg5
Nf3+ 29. Bxf3 Qxf3 30. Rc7 Nf7 31. Qe3 Qd1+ 32. Kh2 Nh6 33. Qg5 Ng4+ 34. Kg2
Qf3+ 35. Kg1 Qd1+ 36. Kg2 Qf3+ 1/2-1/2

[Event "BPB Limburg open A"]
[Site "Maastricht"]
[Date "2014.06.07"]
[Round "3"]
[White "Van der Heijden, Alan"]
[Black "Ducarmon, Renzo"]
[Result "1-0"]
[WhiteElo "2269"]
[BlackElo "2072"]
[PlyCount "69"]
[EventDate "2014.06.06"]
[EventType "swiss"]
[EventRounds "7"]
[EventCountry "NED"]
[Source "P.Boonen"]
[SourceDate "2014.10.10"]

1. d4 Nf6 2. Nc3 d5 3. Bg5 e6 4. e3 Nbd7 5. Bd3 c5 6. Nf3 c4 7. Be2 Qb6 8. Qc1
Bb4 9. Nd2 Qa5 10. O-O Bxc3 11. bxc3 Qxc3 12. Bf4 Qb4 13. c3 Qe7 14. e4 O-O 15.
Bg5 h6 16. Bh4 g5 17. Bg3 Nxe4 18. Nxe4 dxe4 19. f3 exf3 20. Bxf3 Nb6 21. h4
Nd5 22. Re1 Qd8 23. Rb1 a6 24. a4 f6 25. Qc2 f5 26. hxg5 hxg5 27. Be5 Qa5 28.
Bxd5 Qxd5 29. Rb6 Qd8 30. a5 Qe8 31. Qd2 Qh5 32. d5 f4 33. dxe6 f3 34. gxf3
Qxf3 35. Qxg5+ 1-0

[Event "BPB Limburg open A"]
[Site "Maastricht"]
[Date "2014.06.07"]
[Round "3"]
[White "Vereggen, Lars"]
[Black "Nasshan, Dennis"]
[Result "1-0"]
[WhiteElo "2172"]
[BlackElo "2173"]
[PlyCount "83"]
[EventDate "2014.06.06"]
[EventType "swiss"]
[EventRounds "7"]
[EventCountry "NED"]
[Source "P.Boonen"]
[SourceDate "2014.10.10"]

1. d4 d5 2. c4 c6 3. Nf3 Nf6 4. Nc3 dxc4 5. a4 Bf5 6. e3 e6 7. Bxc4 Bb4 8. O-O
Nbd7 9. Qe2 Bg6 10. Rd1 O-O 11. Na2 Bd6 12. b4 Qe7 13. Bb2 Rfd8 14. Ne5 Bxb4
15. Nxb4 Qxb4 16. Nxd7 Rxd7 17. Rdc1 Qa5 18. f3 Qd8 19. Qf2 e5 20. a5 Ne8 21.
Be2 exd4 22. Bxd4 a6 23. Bb6 Nc7 24. Rd1 Rxd1+ 25. Rxd1 Qe7 26. e4 Ne6 27. Bc4
Re8 28. Qd2 h6 29. Qd6 Qf6 30. Bxe6 fxe6 31. Qc7 Re7 32. Qb8+ Kh7 33. Rd8 Qa1+
34. Kf2 Qb2+ 35. Kg3 Bh5 36. Rh8+ Kg6 37. Kh3 Qd2 38. Qg3+ Kf7 39. Bc5 Re8 40.
Qc7+ Kf6 41. Rxe8 Bxe8 42. Qe7+ 1-0

[Event "BPB Limburg open A"]
[Site "Maastricht"]
[Date "2014.06.07"]
[Round "3"]
[White "Villwock, Martin"]
[Black "Mengerink, Ynze"]
[Result "1-0"]
[WhiteElo "2151"]
[BlackElo "2146"]
[PlyCount "65"]
[EventDate "2014.06.06"]
[EventType "swiss"]
[EventRounds "7"]
[EventCountry "NED"]
[Source "P.Boonen"]
[SourceDate "2014.10.10"]

1. b3 e5 2. Bb2 d5 3. Bxe5 Nc6 4. Bb2 Nf6 5. e3 Bd6 6. Nf3 O-O 7. d4 Ne7 8. Bd3
Re8 9. O-O Ng6 10. Nbd2 Ne4 11. c4 c6 12. Qc2 Qe7 13. Rfe1 Bg4 14. h3 Bf5 15.
c5 Bc7 16. b4 Bd7 17. a4 f5 18. Nf1 Nh4 19. N1h2 Nxf3+ 20. Nxf3 g5 21. Ne5 a5
22. f3 Ng3 23. Qf2 Bxe5 24. dxe5 f4 25. exf4 gxf4 26. e6 Bxe6 27. Qd4 Qg5 28.
Qh8+ Kf7 29. Qxh7+ Kf8 30. Bg6 Re7 31. Qh8+ Bg8 32. Rxe7 Qxe7 33. Qh6+ 1-0

[Event "BPB Limburg open A"]
[Site "Maastricht"]
[Date "2014.06.07"]
[Round "3"]
[White "Warmerdam, Max"]
[Black "Hamblok, Roel"]
[Result "1-0"]
[WhiteElo "2177"]
[BlackElo "2278"]
[PlyCount "49"]
[EventDate "2014.06.06"]
[EventType "swiss"]
[EventRounds "7"]
[EventCountry "NED"]
[Source "P.Boonen"]
[SourceDate "2014.10.10"]

1. e4 d6 2. d4 Nf6 3. Nc3 e5 4. Nf3 Nbd7 5. Bc4 Be7 6. h3 c6 7. a4 a5 8. Be3
O-O 9. Qe2 h6 10. O-O-O Qc7 11. g4 Nxe4 12. Nxe4 d5 13. Ng3 dxc4 14. Nf5 Bf6
15. g5 hxg5 16. Rhg1 exd4 17. Bxg5 Bxg5+ 18. Rxg5 g6 19. Qe7 Qf4+ 20. Kb1 Ne5
21. Nh6+ Kg7 22. Nxe5 Be6 23. Nxg6 Qxf2 24. Nxf8+ Kxh6 25. Nxe6 1-0

[Event "BPB Limburg open A"]
[Site "Maastricht"]
[Date "2014.06.07"]
[Round "3"]
[White "Weiler, Wolfgang"]
[Black "Bus, Tom"]
[Result "1-0"]
[WhiteElo "2132"]
[BlackElo "2129"]
[PlyCount "75"]
[EventDate "2014.06.06"]
[EventType "swiss"]
[EventRounds "7"]
[EventCountry "NED"]
[Source "P.Boonen"]
[SourceDate "2014.10.10"]

1. Nf3 Nf6 2. c4 c5 3. Nc3 b6 4. g3 Bb7 5. Bg2 e6 6. O-O d6 7. b3 a6 8. Bb2 Be7
9. d4 cxd4 10. Nxd4 Bxg2 11. Kxg2 Qc8 12. Qd3 Nc6 13. Nxc6 Qxc6+ 14. Qf3 Rc8
15. Rfd1 O-O 16. Qxc6 Rxc6 17. e4 b5 18. cxb5 axb5 19. e5 dxe5 20. Nxb5 Rc2 21.
Bxe5 Ng4 22. Bd4 Rb8 23. a4 e5 24. Ba7 Rbc8 25. h3 Nh6 26. Nd6 R8c3 27. b4 f5
28. b5 Bxd6 29. Rxd6 f4 30. g4 Nf7 31. Rd7 h5 32. b6 Rg3+ 33. Kf1 Rxh3 34. b7
f3 35. b8=Q+ Kh7 36. Kg1 Ng5 37. Rxg7+ Kxg7 38. Qxe5+ 1-0

[Event "BPB Limburg open A"]
[Site "Maastricht"]
[Date "2014.06.07"]
[Round "3"]
[White "Winkels, Marcel"]
[Black "Surewaard, Wilbert"]
[Result "0-1"]
[WhiteElo "1996"]
[BlackElo "2116"]
[PlyCount "78"]
[EventDate "2014.06.06"]
[EventType "swiss"]
[EventRounds "7"]
[EventCountry "NED"]
[Source "P.Boonen"]
[SourceDate "2014.10.10"]

1. e4 e6 2. d4 d5 3. Nc3 Nf6 4. Bg5 Bb4 5. e5 h6 6. Bd2 Bxc3 7. bxc3 Ne4 8. Qg4
Kf8 9. Bd3 Nxd2 10. Kxd2 c5 11. h4 c4 12. Be2 Nc6 13. Rh3 b5 14. Rg3 Rg8 15. a3
a5 16. Nh3 Bd7 17. Nf4 Ne7 18. Nh5 Nf5 19. Rh3 Rb8 20. Qf4 Qe7 21. Nf6 gxf6 22.
g4 fxe5 23. Qxe5 Nd6 24. Bf3 Rc8 25. Rg1 b4 26. axb4 axb4 27. Qf4 Nb5 28. Qxh6+
Ke8 29. Qf4 Nxc3 30. Rhh1 Ne4+ 31. Bxe4 c3+ 32. Ke3 dxe4 33. g5 b3 34. h5 b2
35. g6 fxg6 36. hxg6 Qf8 37. Qxe4 Qf5 38. Qh4 Bc6 39. Rh3 Qxc2 0-1

[Event "BPB Limburg open A"]
[Site "Maastricht"]
[Date "2014.06.07"]
[Round "3"]
[White "Xiong, Ferdinand"]
[Black "Snuverink, Michiel"]
[Result "1-0"]
[WhiteElo "2110"]
[BlackElo "2053"]
[PlyCount "109"]
[EventDate "2014.06.06"]
[EventType "swiss"]
[EventRounds "7"]
[EventCountry "NED"]
[Source "P.Boonen"]
[SourceDate "2014.10.10"]

1. Nf3 Nc6 2. d4 d6 3. g3 e5 4. Bg2 Be7 5. O-O Bg4 6. h3 Bxf3 7. Bxf3 exd4 8.
Bxc6+ bxc6 9. Qxd4 Bf6 10. Qa4 Qd7 11. Nc3 Bxc3 12. bxc3 Ne7 13. Kg2 O-O 14. e4
f5 15. Bg5 fxe4 16. Qxe4 Rae8 17. Rae1 Nd5 18. Qd3 Rxe1 19. Rxe1 Qf5 20. Qxf5
Rxf5 21. Bd2 Kf7 22. g4 Rf6 23. Re4 Nb6 24. Bg5 Re6 25. Kf3 Rxe4 26. Kxe4 Ke6
27. f4 d5+ 28. Kd4 Kd6 29. f5 c5+ 30. Ke3 Nc4+ 31. Kf4 Na3 32. h4 Nxc2 33. h5
d4 34. cxd4 cxd4 35. Ke4 c5 36. Bf4+ Ke7 37. Be5 Kf7 38. g5 g6 39. fxg6+ hxg6
40. h6 Kg8 41. a4 Ne3 42. Bb8 a5 43. Ba7 Nc4 44. Bxc5 d3 45. Kxd3 Nb2+ 46. Ke4
Kh7 47. Bd4 Nc4 48. Kd5 Nd2 49. Be3 Nf3 50. Ke4 Nh4 51. Bb6 Nf5 52. Bxa5 Nd6+
53. Kd5 Nf7 54. Bd2 Nh8 55. a5 1-0

[Event "BPB Limburg open A"]
[Site "Maastricht"]
[Date "2014.06.07"]
[Round "3"]
[White "Ypma, Peter"]
[Black "Rose, Dominik"]
[Result "1-0"]
[WhiteElo "2183"]
[BlackElo "2127"]
[PlyCount "49"]
[EventDate "2014.06.06"]
[EventType "swiss"]
[EventRounds "7"]
[EventCountry "NED"]
[Source "P.Boonen"]
[SourceDate "2014.10.10"]

1. e4 c5 2. Nc3 e6 3. f4 d5 4. Bb5+ Nc6 5. Bxc6+ bxc6 6. d3 Be7 7. Nf3 Nf6 8.
O-O O-O 9. Ne5 Qc7 10. Rf3 Rd8 11. Qe1 Nd7 12. Ng4 Nf8 13. f5 h5 14. Bf4 Qd7
15. Ne5 Qe8 16. Qg3 exf5 17. exf5 Bxf5 18. Bh6 Bg6 19. Rxf7 Qxf7 20. Nxf7 Kxf7
21. Rf1+ Bf6 22. Qc7+ Nd7 23. Qxc6 gxh6 24. Nxd5 Rac8 25. Rxf6+ 1-0

[Event "BPB Limburg open A"]
[Site "Maastricht"]
[Date "2014.06.08"]
[Round "3"]
[White "Admiraal, Miguoel"]
[Black "Fier, Alexandr"]
[Result "1/2-1/2"]
[WhiteElo "2339"]
[BlackElo "2580"]
[PlyCount "55"]
[EventDate "2014.06.06"]
[EventType "swiss"]
[EventRounds "7"]
[EventCountry "NED"]
[Source "P.Boonen"]
[SourceDate "2014.10.10"]
[WhiteClock "0:45:00"]
[BlackClock "1:10:17"]

1. c4 b6 2. Nc3 c5 3. e4 Bb7 4. g3 g6 5. Bg2 Bg7 6. Nge2 Nc6 7. d3 e6 8. Be3
Nge7 9. O-O O-O 10. d4 d6 11. Rc1 e5 12. dxe5 Nxe5 13. b3 a6 14. Qd2 Qd7 15.
Rfd1 Rfd8 16. h3 N5c6 17. Kh2 Rab8 18. f4 Bc8 19. Qe1 Qe8 20. Qf2 f5 21. Rd2
fxe4 22. Rcd1 Nf5 23. Nxe4 Nxe3 24. Qxe3 Bf5 25. g4 Bxe4 26. Qxe4 Qxe4 27. Bxe4
Nd4 28. Nxd4 1/2-1/2

[Event "BPB Limburg open A"]
[Site "Maastricht"]
[Date "2014.06.08"]
[Round "3"]
[White "Beerdsen, Thomas"]
[Black "Von Meijenfeldt, Bart"]
[Result "1/2-1/2"]
[WhiteElo "2205"]
[BlackElo "2322"]
[PlyCount "101"]
[EventDate "2014.06.06"]
[EventType "swiss"]
[EventRounds "7"]
[EventCountry "NED"]
[Source "P.Boonen"]
[SourceDate "2014.10.10"]
[WhiteClock "0:56:16"]
[BlackClock "0:21:21"]

1. e4 c5 2. Nf3 d6 3. d4 cxd4 4. Nxd4 Nf6 5. Nc3 a6 6. Rg1 e5 7. Nb3 Be6 8. g4
h6 9. h4 Nbd7 10. g5 hxg5 11. hxg5 Nh5 12. Rh1 g6 13. Be2 Nb6 14. Bxh5 gxh5 15.
Rxh5 Rg8 16. f4 d5 17. fxe5 Qc7 18. exd5 Qxe5+ 19. Qe2 Qxe2+ 20. Nxe2 Nxd5 21.
Ned4 O-O-O 22. Nxe6 fxe6 23. Bd2 Nb4 24. Ke2 Be7 25. Rf1 Rd7 26. Rh7 Nc6 27.
Rff7 Kd8 28. Be3 Ke8 29. Nc5 Ne5 30. Nxd7 Nxf7 31. Nf6+ Bxf6 32. gxf6 Rg6 33.
Bd4 e5 34. Bxe5 Nxe5 35. Re7+ Kd8 36. Rxe5 Rxf6 37. a4 Kc7 38. Kd3 Rf3+ 39. Kd4
Rf4+ 40. Re4 Rf2 41. Kc3 a5 42. Re5 b6 43. Kb3 Rf3+ 44. c3 Kc6 45. Re2 Rg3 46.
Kc2 Rg4 47. b3 Rg3 48. Kd2 Kd5 49. Kc2 Rh3 50. Rg2 Rh6 51. Rd2+ 1/2-1/2

[Event "BPB Limburg open A"]
[Site "Maastricht"]
[Date "2014.06.08"]
[Round "3"]
[White "Berg, Emanuel"]
[Black "Van Foreest, Jorden"]
[Result "0-1"]
[WhiteElo "2547"]
[BlackElo "2448"]
[PlyCount "132"]
[EventDate "2014.06.06"]
[EventType "swiss"]
[EventRounds "7"]
[EventCountry "NED"]
[Source "P.Boonen"]
[SourceDate "2014.10.10"]
[WhiteClock "0:05:17"]
[BlackClock "0:50:51"]

1. e4 c5 2. d4 cxd4 3. c3 Nf6 4. e5 Nd5 5. Nf3 e6 6. cxd4 d6 7. a3 Bd7 8. Bd3
Bc6 9. O-O Nd7 10. b4 a6 11. Re1 Be7 12. Nbd2 Nc3 13. Qb3 Rc8 14. exd6 Bxd6 15.
Nc4 Bb8 16. Bg5 Nf6 17. Qxc3 Bxf3 18. gxf3 b5 19. Qb3 bxc4 20. Bxc4 O-O 21.
Bxa6 Rc6 22. b5 Rd6 23. Rad1 Rd5 24. f4 Ba7 25. Bb7 Rxd4 26. Qf3 h6 27. Bh4 Qa5
28. Kh1 Nd5 29. Bxd5 Rxd5 30. Rg1 Rxd1 31. Qxd1 Qxb5 32. Bf6 Qc6+ 33. Rg2 g6
34. h4 Qe4 35. h5 Qxf4 36. Qd7 Qxf6 37. Qxa7 Rd8 38. Qe3 Qh4+ 39. Rh2 Qg4 40.
Qg3 Qxg3 41. fxg3 Rd1+ 42. Kg2 g5 43. Kh3 Ra1 44. Rb2 Rxa3 45. Rb7 Ra2 46. g4
Kg7 47. Kg3 Ra3+ 48. Kg2 Kf6 49. Kf2 Ra6 50. Kf3 Ra8 51. Rc7 Re8 52. Ke4 Re7
53. Rc1 Ra7 54. Rf1+ Ke7 55. Kf3 f5 56. gxf5 exf5 57. Rb1 Ra3+ 58. Kg2 Ra6 59.
Kg3 Kf6 60. Rb3 Rd6 61. Ra3 Re6 62. Rb3 Re3+ 63. Rxe3 f4+ 64. Kf3 fxe3 65. Kxe3
Kf5 66. Kf3 g4+ 0-1

[Event "BPB Limburg open A"]
[Site "Maastricht"]
[Date "2014.06.08"]
[Round "3"]
[White "Dijkhuis, Tycho"]
[Black "Tugui, Adrian"]
[Result "1-0"]
[WhiteElo "2271"]
[BlackElo "2397"]
[PlyCount "41"]
[EventDate "2014.06.06"]
[EventType "swiss"]
[EventRounds "7"]
[EventCountry "NED"]
[Source "P.Boonen"]
[SourceDate "2014.10.10"]
[WhiteClock "1:10:41"]
[BlackClock "0:12:14"]

1. e4 c5 2. Nf3 a6 3. c4 d6 4. d4 Bg4 5. dxc5 Bxf3 6. gxf3 Qa5+ 7. Nc3 Qxc5 8.
Nd5 Qc6 9. b4 b6 10. b5 axb5 11. c5 Kd8 12. cxb6 Nf6 13. Nc7 Nxe4 14. fxe4
Qxe4+ 15. Be3 Qxh1 16. Nxa8 Qxa8 17. Qc2 Na6 18. Bxb5 Nc5 19. Bxc5 Qa5+ 20. Kd1
e6 21. b7 1-0

[Event "BPB Limburg open A"]
[Site "Maastricht"]
[Date "2014.06.08"]
[Round "3"]
[White "Ducarmon, Quinten"]
[Black "Dambacher, Martijn"]
[Result "1/2-1/2"]
[WhiteElo "2483"]
[BlackElo "2491"]
[PlyCount "45"]
[EventDate "2014.06.06"]
[EventType "swiss"]
[EventRounds "7"]
[EventCountry "NED"]
[Source "P.Boonen"]
[SourceDate "2014.10.10"]
[WhiteClock "0:31:57"]
[BlackClock "0:29:34"]

1. e4 e5 2. Nf3 Nc6 3. Bb5 g6 4. c3 a6 5. Ba4 Bg7 6. d4 exd4 7. cxd4 b5 8. Bc2
d6 9. h3 Nge7 10. O-O O-O 11. Re1 Bb7 12. Nc3 Qd7 13. Bf4 Rad8 14. Qd2 Nb4 15.
Bb1 Nbc6 16. Bh6 Rfe8 17. Bxg7 Kxg7 18. a3 Ng8 19. b4 Nf6 20. Bc2 Qc8 21. Rad1
Nb8 22. d5 c6 23. dxc6 1/2-1/2

[Event "BPB Limburg open A"]
[Site "Maastricht"]
[Date "2014.06.08"]
[Round "3"]
[White "Ernst, Sipke"]
[Black "Braun, Christian"]
[Result "1/2-1/2"]
[WhiteElo "2567"]
[BlackElo "2358"]
[PlyCount "82"]
[EventDate "2014.06.06"]
[EventType "swiss"]
[EventRounds "7"]
[EventCountry "NED"]
[Source "P.Boonen"]
[SourceDate "2014.10.10"]
[WhiteClock "0:02:56"]
[BlackClock "0:16:22"]

1. d4 Nf6 2. c4 g6 3. Nc3 d5 4. cxd5 Nxd5 5. e4 Nxc3 6. bxc3 Bg7 7. Bg5 c5 8.
Rc1 Qa5 9. Qd2 cxd4 10. cxd4 Qxd2+ 11. Kxd2 O-O 12. Nf3 Bg4 13. Ke3 Bxf3 14.
Kxf3 Bxd4 15. Bxe7 Re8 16. Bh4 Nc6 17. Bb5 Rec8 18. Bxc6 Rxc6 19. Rxc6 bxc6 20.
Bg3 Re8 21. Bf4 c5 22. Rb1 c4 23. Rc1 Rc8 24. Be3 Bb6 25. Ke2 Rc6 26. Bd2 f6
27. f3 Kf7 28. Bc3 Ke6 29. Rb1 h5 30. a4 Bc7 31. Rb7 a6 32. h3 h4 33. Kd1 g5
34. Kc2 Be5 35. Ba5 Bd4 36. Bb4 f5 37. Re7+ Kf6 38. exf5 Rb6 39. Re6+ Rxe6 40.
fxe6 Kxe6 41. Be1 Ke5 1/2-1/2

[Event "BPB Limburg open A"]
[Site "Maastricht"]
[Date "2014.06.08"]
[Round "3"]
[White "L'Ami, Alina"]
[Black "Peschlow, Patrick"]
[Result "1/2-1/2"]
[WhiteElo "2444"]
[BlackElo "2351"]
[PlyCount "70"]
[EventDate "2014.06.06"]
[EventType "swiss"]
[EventRounds "7"]
[EventCountry "NED"]
[Source "P.Boonen"]
[SourceDate "2014.10.10"]
[WhiteClock "0:02:16"]
[BlackClock "0:02:12"]

1. d4 Nf6 2. c4 g6 3. Nc3 d5 4. Bg5 Ne4 5. Bf4 Nxc3 6. bxc3 Bg7 7. Qa4+ Bd7 8.
Qb3 e5 9. dxe5 dxc4 10. Qxc4 Nc6 11. Nf3 Qe7 12. Rd1 O-O 13. e3 Be6 14. Qb5 Qa3
15. Bd3 Qxc3+ 16. Ke2 a6 17. Qb1 Nb4 18. Rc1 Nxa2 19. Rc2 Rfd8 20. Rd1 Qb3 21.
Nd4 Nc3+ 22. Rxc3 Qxc3 23. Rc1 Qa5 24. Qxb7 Bd5 25. Qxc7 Qxc7 26. Rxc7 a5 27.
e4 Ba2 28. Nc6 Re8 29. Bb5 a4 30. Ne7+ Rxe7 31. Rxe7 a3 32. Bc1 Bb1 33. Re8+
Rxe8 34. Bxe8 Bxe5 35. Bxa3 Bxe4 1/2-1/2

[Event "BPB Limburg open A"]
[Site "Maastricht"]
[Date "2014.06.08"]
[Round "3"]
[White "L'Ami, Erwin"]
[Black "Janssen, Ruud"]
[Result "1-0"]
[WhiteElo "2647"]
[BlackElo "2467"]
[PlyCount "54"]
[EventDate "2014.06.06"]
[EventType "swiss"]
[EventRounds "7"]
[EventCountry "NED"]
[Source "P.Boonen"]
[SourceDate "2014.10.10"]
[WhiteClock "0:50:22"]
[BlackClock "0:07:53"]

1. d4 Nf6 2. c4 e6 3. Nf3 a6 4. Nc3 c5 5. d5 b5 6. e4 b4 7. e5 bxc3 8. exf6 d6
9. Bd3 e5 10. O-O cxb2 11. Bxb2 Nd7 12. Qa4 gxf6 13. Bc3 a5 14. Nh4 Be7 15. Nf5
Ra6 16. Bd2 h5 17. Rab1 Kf8 18. Qd1 e4 19. Bxe4 Ne5 20. Qc2 Qc7 21. f4 Ng6 22.
Bc3 Bd8 23. Qb2 Bxf5 24. Bxf5 Kg7 25. Rbe1 Ra8 26. Qd2 Rf8 27. Rf3 h4 1-0

[Event "BPB Limburg open A"]
[Site "Maastricht"]
[Date "2014.06.08"]
[Round "3"]
[White "Roggeveen, Pieter"]
[Black "Maisuradze, Nino"]
[Result "0-1"]
[WhiteElo "2211"]
[BlackElo "2255"]
[PlyCount "44"]
[EventDate "2014.06.06"]
[EventType "swiss"]
[EventRounds "7"]
[EventCountry "NED"]
[Source "P.Boonen"]
[SourceDate "2014.10.10"]
[WhiteClock "0:41:18"]
[BlackClock "0:36:58"]

1. c4 e5 2. Nc3 Nc6 3. Nf3 f5 4. d4 e4 5. Ne5 Nf6 6. Bf4 Bb4 7. Rc1 Bxc3+ 8.
Rxc3 Ne7 9. c5 Ned5 10. e3 Nxc3 11. bxc3 b6 12. Qb3 Rf8 13. cxb6 axb6 14. Bb5
Ba6 15. Nxd7 Bxb5 16. Nxf6+ Rxf6 17. Qxb5+ c6 18. Qb3 Qd5 19. O-O Qxb3 20. axb3
Ra3 21. Rb1 Rf7 22. Kf1 Rfa7 0-1

[Event "BPB Limburg open A"]
[Site "Maastricht"]
[Date "2014.06.08"]
[Round "4"]
[White "Arnelind, Mikael"]
[Black "Roggeveen, Pieter"]
[Result "1/2-1/2"]
[WhiteElo "2160"]
[BlackElo "2211"]
[PlyCount "46"]
[EventDate "2014.06.06"]
[EventType "swiss"]
[EventRounds "7"]
[EventCountry "NED"]
[Source "P.Boonen"]
[SourceDate "2014.10.10"]

1. d4 Nf6 2. c4 e6 3. Nc3 Bb4 4. e3 O-O 5. Bd3 c5 6. Nf3 d5 7. O-O cxd4 8. exd4
Nbd7 9. cxd5 exd5 10. Qb3 Bxc3 11. Qxc3 Ne4 12. Qb3 Nb6 13. Re1 Bf5 14. Bf4 Re8
15. a4 Re7 16. a5 Nc8 17. Rec1 a6 18. h3 Na7 19. Ne5 f6 20. Nf3 Nc6 21. Qa3 g5
22. Be3 Qd7 23. Bf1 Kh8 1/2-1/2